KOHA-Header-6

Cisco Router Configuration (Record no. 6368)

000 -LEADER
fixed length control field 00265nam a2200109Ia 4500
100 ## - MAIN ENTRY--AUTHOR NAME
Personal name Chappell,Laure
245 #0 - TITLE STATEMENT
Title Cisco Router Configuration
260 ## - PUBLICATION, DISTRIBUTION, ETC. (IMPRINT)
Place of publication India
Name of publisher The McGraw-Hill
Year of publication 1998
300 ## - PHYSICAL DESCRIPTION
Number of Pages 534
942 ## - ADDED ENTRY ELEMENTS (KOHA)
Koha item type Books

No items available.

Powered by Koha